Statistics for Anglophone Nations

Click here to take the quiz!

General Stats

  • This quiz has been taken 84 times
  • The average score is 45 of 58

Answers on the Map

Answers color-coded by a green-red scale on the quiz's map according to % correct below.
 

Answer Stats

Country% Correct
Canada
98%
India
98%
Ireland
98%
United Kingdom
98%
United States
98%
Australia
97%
New Zealand
92%
South Africa
92%
Jamaica
90%
Bahamas
85%
Fiji
85%
Barbados
83%
Kenya
83%
Namibia
83%
Nigeria
83%
Botswana
81%
Lesotho
81%
Zimbabwe
81%
Antigua and Barbuda
80%
Belize
80%
Guyana
80%
Saint Lucia
80%
Federated States of
Micronesia
78%
Kiribati
78%
Palau
78%
Saint Vincent and the
Grenadines
78%
Singapore
78%
Tonga
78%
Tuvalu
78%
Uganda
78%
Vanuatu
78%
Malta
76%
Pakistan
76%
Solomon Islands
76%
Ghana
75%
Nauru
75%
Tanzania
75%
Trinidad and Tobago
75%
Malawi
73%
Papua New Guinea
73%
Saint Kitts and Nevis
73%
Marshall Islands
71%
Eswatini
69%
Grenada
69%
Sudan
69%
Zambia
69%
Dominica
68%
Rwanda
68%
Cameroon
66%
Liberia
66%
Mauritius
66%
South Sudan
66%
Seychelles
64%
Sierra Leone
64%
Gambia
63%
Philippines
58%
Burundi
54%
Eritrea
49%

Score Distribution

Percentile by Number Answered

Percent of People with Each Score

Your Score History

You have not taken this quiz